000 nam a22 a 4500
999 _c513
_d513
003 AKMAL
005 20170504101904.0
008 170504s2004 my a g bi l001 0 may d
020 _a9831927346 (kkt.) :
_cRM28.00
039 9 _a201312121212
_bw_saiful
_c200802141528
_dnorhidayah
_c200802121444
_dnorhidayah
_c200703231126
_dsitisuhaida
040 _aAKMAL
_cAKMAL
049 _aklpmal
082 0 4 _a153.42 FAZ
_222
090 0 0 _a153.42
_bFAZ
090 2 0 _a153.42
_bFAZ
100 0 _aFazrul Ismail
_91154
245 1 0 _aPemikiran sistemik /
_cFazrul Ismail
260 _aBentong, Pahang :
_bPTS Publications & Distributors,
_c2004
300 _aiv, 319ms. :
_bil. ;
_c23cm.
440 _aSiri pembangunan spirituil
_91155
500 _aMengandungi indeks
520 _aSesuai dibaca oleh setiap lapisan masyarakat. Disusun dengan kaedah sistemik, bukan sistematik
650 1 0 _aThought and thinking
_9913
650 2 0 _aCreative thinking
_91035
650 2 0 _aIdeology
_91099
942 _2ddc
_cBOOK